000 01261nam a22003617a 4500
003 CHAP
005 20220329140532.0
008 971013s1982 r 00010 d
010 _a53524
011 _a54496
035 _a58647
040 _cCHAP
090 _aTesis
100 0 0 _aRubio Torres, J. Candelario.
_9100498
245 _aEvaluación in-vitro del bagazo y la punta de caña como ingredientes de dieta completas para rumiantes
260 _aChapingo, Méx. :
_bEl autor,
_c1982
300 _a82 h.
_b; gráfs.
502 _aTesis (M. C. Esp. en Ganadería) -- Colegio de Postgraduados. Centro de Ganadería
590 _aALEPH
_b10
_c20130110
_lUCH01
_h1331
590 _aBATCH-UPD
_b10
_c20130110
_lUCH01
_h0638
590 _aBATCH-UPD
_b10
_c20130410
_lUCH01
_h0322
590 _aBATCH-UPD
_b10
_c20130914
_lUCH01
_h0520
590 _aBATCH-UPD
_b10
_c20130914
_lUCH01
_h2103
590 _aCONVERSION
_b10
_c20130109
_lUCH01
_h1329
650 1 4 _aBagazo.
_99395
650 1 4 _aCaña de azúcar como forraje.
_918673
650 1 4 _aCaña de azúcar
_xSubproductos.
_918648
650 1 4 _aRumiantes
_xNutrición.
_9100847
901 _aBK
942 _cFOLL
949 _bBC
_cTES
_d-127216
_eTS1
_i58647
_si
949 _bBC
_cTES
_d-127217
_eTS2
_fc.2
_i58647
_si
999 _c53524
_d53524